| 000 | 00349nam a2200145Ia 4500 | ||
|---|---|---|---|
| 008 | 230917s9999||||xx |||||||||||||| ||und|| | ||
| 040 |
_e121109 _aMAIN |
||
| 041 | _aEnglish | ||
| 082 | _a783 D451M | ||
| 100 | _aDesai, Subhadra | ||
| 245 | 0 | _aMusic in Valmiki's Ramayana | |
| 260 |
_aNew Delhi _bShubhi _c2008 |
||
| 300 | _a141p. p. | ||
| 942 | _cBK | ||
| 999 |
_c146628 _d146628 |
||